Archaeology : (Record no. 55136)

MARC details
000 -LEADER
fixed length control field 00892nam a22002657a 4500
005 - DATE AND TIME OF LATEST TRANSACTION
control field 20110810105649.0
008 - FIXED-LENGTH DATA ELEMENTS--GENERAL INFORMATION
fixed length control field 110810t xxu||||| |||| 00| 0 eng d
010 ## - LCCN (DPL NO)
LC control number ENG-103272
020 ## - INTERNATIONAL STANDARD BOOK NUMBER
Terms of availability 295.00
International Standard Book Number 9788129109675
020 ## - INTERNATIONAL STANDARD BOOK NUMBER
Terms of availability 295.00
International Standard Book Number 8129109670
035 ## - SYSTEM CONTROL NUMBER
System control number EN-86805
037 ## - SOURCE OF ACQUISITION
Source of stock number/acquisition DBAD/Author
040 ## - CATALOGING SOURCE
Original cataloging agency DPL
Language of cataloging Eng
082 ## - DEWEY DECIMAL CLASSIFICATION NUMBER
Classification number 930.103
100 ## - MAIN ENTRY--PERSONAL NAME
9 (RLIN) 31629
Personal name Harpreet Kaur
245 ## - TITLE STATEMENT
Title Archaeology :
Statement of responsibility, etc by Harpreet Kaur
Remainder of title techinques and methods /
260 ## - PUBLICATION, DISTRIBUTION, ETC. (IMPRINT)
Place of publication, distribution, etc New Delhi
Name of publisher, distributor, etc Rupa
Date of publication, distribution, etc 2006
270 ## - ADDRESS
Address 7/16, Ansari Road, Daryaganj
City New Delhi
Postal code 110002
300 ## - PHYSICAL DESCRIPTION
Extent 186p.
Dimensions 22cm (Hb)
500 ## - GENERAL NOTE
General note Includes bibliographical references
650 ## - SUBJECT ADDED ENTRY--TOPICAL TERM
9 (RLIN) 31639
700 ## - ADDED ENTRY--PERSONAL NAME
9 (RLIN) 31640
942 ## - ADDED ENTRY ELEMENTS (KOHA)
Source of classification or shelving scheme Dewey Decimal Classification
Item type English Books
Call number suffix HAR
Classification part 930.103
Holdings
Withdrawn status Lost status Source of classification or shelving scheme Damaged status Not for loan Collection code Home library Current library Date acquired Source of acquisition Cost, normal purchase price Total Checkouts Full call number Barcode Date last seen Copy number Cost, replacement price Koha item type
    Dewey Decimal Classification   Not For Loan Non-fiction D.B.Act.Division D.B.Act.Division 10/08/2011 DBAD/PUB 295.00   930.103 HAR EN-86805 10/08/2011 1 295.00 English Books

© Delhi Public Library
Hit Counter
free hit counter